000 01312nam a2200277 i 4500
001 92827
003 ES-MaACL
005 20240121122045.0
007 t|
008 211222s2012 sp a 00110dspa d
020 _a978-84-9749-507-3
080 _a72.036
245 0 0 _aProyecto + investigación 2 :
_bla lógica del proyecto, 6 elementos + 1 acción /
_c[editores], María Carreiro, Cándido López.
260 _aA Coruña :
_bETSA Coruña :
_bUniversidade da Coruña,
_c2012.
300 _a113 p. :
_bil. ;
_c30 cm.
505 8 _aContiene: Tecnología / Antoni Ubach . Identidad / Francesc Rius . Artisticidad / Elisa Valero . Hibridación / José Mª de Lapuerta . Transmitir / José Manuel + Ramón Rodríguez . Límite / Ricard Pié . Cultura / Manuel Gallego
594 _aRecoge el ciclo de conferencias de título homónimo, desarrollado durante octubre y noviembre de 2011 en la ETS de Arquitectura de A Coruña
650 4 _aArquitectura-
_yS.XX.
_910007
650 4 _aArquitectura española-
_yS.XX.
_9167466
700 1 _aCarreiro, María.
_9171158
700 1 _aLópez González, Cándido.
_9173912
710 2 _aUniversidade da Coruña.
_9173914
852 4 _aES-MaACL
_jA-14808
_996218
_bR.152335
_cDEPO1
_dOlim: N-7808
_hDonación: Editorial
942 _2udc
999 _c92827
_d92827